000
00336nam a2200169Ia 4500
100
_a
Luger/George F
650
_a
Artificial Intelligence
250
_a
5
942
_c
BK
366
_f
22
245
_a
Aritificial intelligence
260
_b
Pearson
_c
2005
082
_b
LUG
300
_a
903
546
_a
ENGLISH
999
_c
22708
_d
22708